Alles mit N - Geographie - Statistiken

Allgemein
  • Dieses Quiz wurde 236 mal gespielt
  • Das Durchschnittsergebnis liegt bei 21 aus 37
Antwortstatistiken
Hint Antwort % Korrekt
der längste Fluss der Welt Nil
96%
Niger
94%
Fluss in Afrika Niger
94%
Nicaragua
92%
Deutsche Städte 100000+ Nürnberg
92%
Nigeria
91%
Norwegen
88%
Nordkorea
86%
Niederlande
85%
Länder Namibia
82%
Nauru
82%
Neuseeland
82%
In welchem US-Bundesstaat liegt Las Vegas Nevada
81%
ein Nebenmeer des Atlantik mit Ebbe und Flut,vielen Inseln, beliebtes Urlaubsziel Nordsee
80%
Großstadt an der französischen Mittelmeerküstemit schöner Architektur und vielen Kunstmuseen Nizza
79%
Nepal
78%
Nordmazedonien
76%
japanische Stadt, die am 9.8.1945 von einer Atombombe zerstört wurde Nagasaki
75%
Nebenfluss des Rheins in Baden-Württemberg Neckar
73%
In welcher Stadt in den USA befinden sich dasJohnny Cash Museum und berühmte Stätten der Country-Music Nashville
66%
Hauptstädte Nairobi
53%
Neuss
50%
Nassau
40%
Fluss durch Sankt Petersburg Newa
38%
Neu-Delhi
37%
See in Österreich und Ungarn Neusiedlersee
35%
Nikosia
30%
Niamey
28%
das Loch im Umriss von Nicaragua Nicaraguasee
28%
Ostkanadische Atlantikprovinz, Hauptstadt Halifax Nova Scotia
25%
Nouakchott
24%
Naypyidaw
20%
Achttausender und der am schwierigsten zu besteigende Berg Nanga Parbat
19%
N'Djamena
18%
Nuku'alofa
14%
größter See der Schweiz Neuenburgersee
13%
See in Kasachstan, es gibt ihn südlich davonnoch etwas größer Nördlicher Aralsee
4%
Keine übereinstimmenden Quizze gefunden
Verteilung der Resultate
Anzahl Personen mit jedem Resultat
Perzentil nach korrekt beantworteten Fragen
Ihre Resultats-Entwicklung
Sie haben dieses Quiz noch nicht gespielt